Normal view
MARC view
Entry Personal Name
001 - CONTROL NUMBER
- control field: 1237009
003 - CONTROL NUMBER IDENTIFIER
- control field: OSt
005 - DATE AND TIME OF LATEST TRANSACTION
- control field: 20260430150257.0
008 - FIXED-LENGTH DATA ELEMENTS
- fixed length control field: 260430|| aca||aabn | a|a d
040 ## - CATALOGING SOURCE
- Original cataloging agency: OSt
- Transcribing agency: OSt
100 ## - HEADING--PERSONAL NAME
- Personal name: Neeraj Kumar Au.; Narain Gu.; Vij Madhu Gu
670 ## - SOURCE DATA FOUND
- Source citation: Work cat.: (OSt)1849397: Neeraj Kumar Au.; Narain Gu.; Vij Madhu Gu., Bank Monitoring and the Choice of Alternative Earnings Management Mechanism of the Borrowing Firms : An Empirical Investigation, 2022
